000
00289nam a2200121Ia 4500
008
191201s2012 xx 000 0 und d
100
_a
NARULA, Virender
245
0
_a
Manufacturing Processes
260
_a
N. Delhi
_b
katson
_c
2012
300
_a
372
650
_a
B.Tech(ME)
942
_2
ddc
_c
BK
999
_c
6124
_d
6124